000 00489nam a2200181Ia 4500
005 20250326142556.0
008 250326s9999 xx 000 0 und d
037 _aTextbook
040 _aFMSL
_beng
_cFMSL
041 _aeng
_2eng
084 _qFMSL
100 _aAgrawal A N
245 0 _aIndian economy : problems of development and planning
_cAgrawal A N
260 _aNew Delhi
_bNew Delhi, Wiley Eastern
_c1992
300 _a665p
942 _cTB
999 _c1295662
_d1295662